| 000 | 00757nam a2200229Ia 4500 | ||
|---|---|---|---|
| 003 | OSt | ||
| 005 | 20260109100459.0 | ||
| 008 | 210716s1992 xx 000 0 und d | ||
| 020 | _a67974084 | ||
| 040 | _cAIMIT LIBRARY | ||
| 041 | _aeng | ||
| 082 |
_a006.42 _21 _bLIPR |
||
| 100 |
_aLipton, Russell. _9250822 |
||
| 245 |
_aMultimedia toolkit : _bbuild your own solutions with docusource / _cBy Russell Lipton. |
||
| 250 | _a1st ed. | ||
| 260 |
_aNew York : _bRandom House , _c1992. |
||
| 300 |
_axxxi,411p. ; _bPB _c23.9 cm |
||
| 650 |
_aThe multimedia erector set :a useful metaphar _9250823 |
||
| 650 |
_aCorporate publishing -today and tomorrow _9250824 |
||
| 650 |
_aAssembling the multimedia toolkit _9250825 |
||
| 942 |
_2ddc _cBK _e1st _k006.42 LIPR |
||
| 999 |
_c183724 _d183724 |
||